| 000 | 01395nam a2200313 a 4500 | ||
|---|---|---|---|
| 005 | 20151125102032.0 | ||
| 008 | 140310b1996 ck ||||| |||| 00| 0 spa d | ||
| 040 |
_aCO-BoIAVH _cCO-BoIAVH |
||
| 041 | _aspa | ||
| 044 | _ack | ||
| 090 |
_aLB _b02924 |
||
| 100 | 1 | _aEtter R. Andrés | |
| 245 | 1 |
_aDeterminación del potencial del sistema de extracción y comercialización del Chiqui-Chiqui (Leopoldina piassaba, Palmae) por las comunidades indígenas en las selvas del departamento del Guainía / _cEtter R. Andrés [y otros 5] |
|
| 260 |
_aBogotá, Colombia : _bIDEADE, _c1996. |
||
| 300 |
_a138 páginas : _btablas, mapas ; _c28 cm. |
||
| 650 | 4 | _aPlantas útiles | |
| 650 | 6 |
_aPalmas _z Guainía (Departamento, Colombia) |
|
| 650 | 6 |
_aFibrales _z Guainía (Departamento, Colombia) |
|
| 650 | 6 |
_aMercadeo _z Guainía (Departamento, Colombia) |
|
| 650 | 6 |
_aAnálisis de mercado _z Guainía (Departamento, Colombia) |
|
| 662 |
_aColombia _b(Departamento, Guainía) |
||
| 700 | 1 | _aCrizón, Isabel | |
| 700 | 1 | _aFernández, Eduardo | |
| 700 | 1 | _aImamoto, Marcia | |
| 700 | 1 | _aRomero, Manuel | |
| 700 | 1 | _aSarmiento, Armando | |
| 710 | 2 |
_aPontificia Universidad Javeriana. _bFacultad de Estudios Ambientales y Rurales. _bInstituto de Estudios Ambientales para el Desarrollo. |
|
| 942 |
_cINFORME _2z |
||
| 999 |
_c3163 _d3163 |
||